000 02254nas a22002417a 4500
999 _c40860
_d40860
005 20200520100545.0
007 cz aa aaaaa
008 200428c q||poo|||| 00| 0 eng d
022 _a2664-8709
040 _coclc
082 _a300
_bJOU/
245 _aInternational Journal of Social Research and Development
_he-Journal (Open Access)
260 _bPrime Publications
_aDelhi, India
300 _aPDF(online)
310 _aQuarterly
365 _eOpen Access
500 _aInternational Journal of Social Research and Development is an open access, peer-reviewed and refereed journal. Researches in the field of humanities, social science, Community and Consumer Sciences, Economics, Political Science, Geography, Philosophy, History, Humanity and Languages concerning with social science, Anthropological, Behavioral Sciences, Sociology, Journalism and Role of Media in social science, Role of NGOs in the protection of environment. Educational Sciences: For School Students, Women, Village and Society, Commerce, Law and Management related with humanities and social science, anthropology, business studies, communication studies, corporate governance, criminology, cross cultural studies, demography, development studies, economics, education, ethics, geography, history, industrial relations, information science, international relations, law, health, linguistics, library science, media studies, methodology, philosophy, political science, population Studies, psychology, public administration, sociology, social welfare, linguistics, literature, paralegal, performing arts, religious studies, visual arts, women studies, economics, international relations, development studies, population studies, political science, history, journalism and mass communication, corporate governance, cross-cultural studies, peace and conflict, library and information science, public administration, psychology, philosophy, sociology, women studies, religious studies, social welfare, anthropology, linguistics, etc.
650 0 _aSocial sciences
_vSocial sciences
_928
_xSocial sciences
651 0 _915
_aIndia
655 0 _918
_ae-Journal
856 _uhttp://www.socialsciencejournal.net/
942 _2ddc
_cEJ
_h300
_k300
_mJOU/